Essentials of business economics / (Record no. 184383)
[ view plain ]
| 000 -LEADER | |
|---|---|
| fixed length control field | 00629nam a2200193Ia 4500 |
| 005 - DATE AND TIME OF LATEST TRANSACTION | |
| control field | 20220216103343.0 |
| 008 - FIXED-LENGTH DATA ELEMENTS--GENERAL INFORMATION | |
| fixed length control field | 210716s1998 xx 000 0 und d |
| 040 ## - CATALOGING SOURCE | |
| Transcribing agency | AIMIT LIBRARY |
| 041 ## - LANGUAGE CODE | |
| Language code of text/sound track or separate title | eng |
| 082 ## - DEWEY DECIMAL CLASSIFICATION NUMBER | |
| Classification number | 658.001 |
| Edition number | 1 |
| Item number | SHIB |
| 100 ## - MAIN ENTRY--PERSONAL NAME | |
| Personal name | Shishila, B Prabhakara. |
| 9 (RLIN) | 20070 |
| 245 ## - TITLE STATEMENT | |
| Title | Essentials of business economics / |
| Statement of responsibility, etc. | By B. Prabhakara Shishila. |
| 250 ## - EDITION STATEMENT | |
| Edition statement | 1st ed. |
| 260 ## - PUBLICATION, DISTRIBUTION, ETC. | |
| Place of publication, distribution, etc. | Mangalore : |
| Name of publisher, distributor, etc. | Shrathi Printers and Publishers , |
| Date of publication, distribution, etc. | 1998 . |
| 300 ## - PHYSICAL DESCRIPTION | |
| Extent | 490p. ; |
| Dimensions | 21 cm. |
| 650 ## - SUBJECT ADDED ENTRY--TOPICAL TERM | |
| Topical term or geographic name entry element | Organisation of Production. |
| 9 (RLIN) | 20071 |
| 650 ## - SUBJECT ADDED ENTRY--TOPICAL TERM | |
| Topical term or geographic name entry element | Costs Returns and Revenue Concepts. |
| 9 (RLIN) | 20072 |
| 942 ## - ADDED ENTRY ELEMENTS (KOHA) | |
| Source of classification or shelving scheme | Dewey Decimal Classification |
| Koha item type | Book |
| Edition | 1st |
| Call number prefix | 658.001 SHIB |
| Withdrawn status | Lost status | Source of classification or shelving scheme | Damaged status | Not for loan | Collection code | Home library | Current library | Total Checkouts | Full call number | Barcode | Date last seen | Price effective from | Koha item type | Date acquired | Cost, normal purchase price | Cost, replacement price |
|---|---|---|---|---|---|---|---|---|---|---|---|---|---|---|---|---|
| Dewey Decimal Classification | MCA | St Aloysius Institute of Management & Information Technology | St Aloysius Institute of Management & Information Technology | 658.001 SHIB | MCA03891 | 05/23/2026 | 07/16/2021 | Book | ||||||||
| Dewey Decimal Classification | MCA | St Aloysius Institute of Management & Information Technology | St Aloysius Institute of Management & Information Technology | 658.001 SHIB | MCA03892 | 05/23/2026 | 07/16/2021 | Book | ||||||||
| Dewey Decimal Classification | MCA | St Aloysius Institute of Management & Information Technology | St Aloysius Institute of Management & Information Technology | 658.001 SHIB | MCA03893 | 05/23/2026 | 07/16/2021 | Book | ||||||||
| Dewey Decimal Classification | MCA | St Aloysius Institute of Management & Information Technology | St Aloysius Institute of Management & Information Technology | 658.001 SHIB | MCA03894 | 05/23/2026 | 07/16/2021 | Book | ||||||||
| Dewey Decimal Classification | MCA | St Aloysius Institute of Management & Information Technology | St Aloysius Institute of Management & Information Technology | 658.001 SHIB | MCA03895 | 05/23/2026 | 07/16/2021 | Book | ||||||||
| Dewey Decimal Classification | MCA | St Aloysius Institute of Management & Information Technology | St Aloysius Institute of Management & Information Technology | 658.001 SHIB | MCA04092 | 05/23/2026 | 07/16/2021 | Book | ||||||||
| Dewey Decimal Classification | MCA | St Aloysius Institute of Management & Information Technology | St Aloysius Institute of Management & Information Technology | 658.001 SHIB | MCA04093 | 05/23/2026 | 07/16/2021 | Book | ||||||||
| Dewey Decimal Classification | MCA | St Aloysius Institute of Management & Information Technology | St Aloysius Institute of Management & Information Technology | 658.001 SHIB | MCA04094 | 05/23/2026 | 07/16/2021 | Book | ||||||||
| Dewey Decimal Classification | Reference Book | MCA | St Aloysius Institute of Management & Information Technology | St Aloysius Institute of Management & Information Technology | 658.001 SHIB | MCA04095 | 07/21/2025 | 07/16/2021 | Book | 07/16/2021 | 120.00 | 120.00 | ||||
| Dewey Decimal Classification | MCA | St Aloysius Institute of Management & Information Technology | St Aloysius Institute of Management & Information Technology | 658.001 SHIB | MCA04096 | 05/23/2026 | 07/16/2021 | Book |